[Event "X Festival Magistrale"]
[Site "Celle Ligure ITA"]
[Date "1995.04.??"]
[Round "6"]
[White "Caruso, Daniele"]
[Black "Cirabisi, Federico"]
[Result "1-0"]
[WhiteElo "2080"]
[BlackElo "2220"]
[PlyCount "101"]
[EventDate "1995.04.01"]

1. e4 d5 2. e5 c5 3. g3 Nc6 4. f4 Bf5 5. Bg2 h5 6. Nc3 e6 7. d3 Be7 8. h4 Nh6
9. Bd2 Bg4 10. Bf3 Nd4 11. Bxg4 hxg4 12. Nce2 Ndf5 13. c4 d4 14. Qa4+ Qd7 15.
Qxd7+ Kxd7 16. Kf2 b5 17. Nc1 Rhb8 18. Rb1 a5 19. Nge2 a4 20. Rd1 Rb7 21. Ng1
Ng8 22. Nge2 Bd8 23. b4 axb3 24. Nxb3 Bb6 25. Rb2 Nge7 26. Rdb1 b4 27. Be1 Nc6
28. Nd2 Rba7 29. Nc1 Ne3 30. Ke2 f5 31. Bf2 Bc7 32. Bxe3 dxe3 33. Nf1 g5 34.
hxg5 Rh8 35. Kxe3 Nxe5 36. fxe5 Bxe5 37. Rg2 Rh1 38. Nb3 Kc6 39. d4 Bd6 40.
dxc5 Bxc5+ 41. Nxc5 Kxc5 42. Kf4 Rhh7 43. Nd2 Raf7 44. Re2 Re7 45. Rc1 Rh8 46.
Nb3+ Kd6 47. c5+ Kd5 48. Re5+ Kc6 49. Nd4+ Kd7 50. c6+ Kd6 51. Nb5# 1-0

[Event "X Festival Magistrale"]
[Site "Celle Ligure ITA"]
[Date "1995.04.??"]
[Round "6"]
[White "Collareta, Giovanni"]
[Black "Palmiotto, Fiorentino"]
[Result "1-0"]
[WhiteElo "2080"]
[BlackElo "2195"]
[PlyCount "77"]
[EventDate "1995.04.01"]

1. c4 e5 2. Nc3 Nf6 3. g3 d5 4. cxd5 Nxd5 5. Nf3 Nc6 6. Bg2 Be6 7. O-O Be7 8.
d4 Nxc3 9. bxc3 exd4 10. cxd4 Qd7 11. Qa4 O-O 12. Rb1 Rab8 13. e4 b5 14. Qd1
Bxa2 15. Ra1 Bc4 16. Re1 a5 17. d5 Rfd8 18. Bd2 Nb4 19. Ne5 Qe8 20. Rxa5 Rb6
21. Nxc4 bxc4 22. Bf1 Nd3 23. Bxd3 cxd3 24. Bc3 Rb5 25. Qxd3 c6 26. Rxb5 cxb5
27. Rb1 Rb8 28. d6 Qd7 29. Qd4 Bf8 30. e5 Qf5 31. Ra1 h5 32. h4 Rc8 33. Ra7 Rc4
34. Qe3 b4 35. Bd4 Qb1+ 36. Kh2 Qd1 37. e6 Rc1 38. exf7+ Kh8 39. Qh6# 1-0

[Event "X Festival Magistrale"]
[Site "Celle Ligure ITA"]
[Date "1995.04.??"]
[Round "6"]
[White "Duarte, Riccardo"]
[Black "Coppini, Giorgio"]
[Result "0-1"]
[WhiteElo "2030"]
[BlackElo "2255"]
[PlyCount "91"]
[EventDate "1995.04.01"]

1. e4 d6 2. d4 Nf6 3. Nc3 g6 4. Bd3 Bg7 5. f4 O-O 6. Nce2 c5 7. dxc5 Qa5+ 8. c3
Qxc5 9. h3 e5 10. fxe5 dxe5 11. Ng3 Be6 12. Qe2 Nbd7 13. Be3 Qc7 14. Nf3 Rac8
15. O-O a6 16. Nd2 Nb6 17. b3 Nfd7 18. Rac1 Nb8 19. Nf3 h6 20. Qf2 N6d7 21. Ne2
Nc5 22. Bb1 f5 23. exf5 gxf5 24. Qg3 f4 25. Qg6 Rf6 26. Qh7+ Kf7 27. Bxc5 Qxc5+
28. Kh1 Nc6 29. c4 Rh8 30. Qd3 Rd8 31. Qc2 Bf5 32. Qc3 Bxb1 33. Rxb1 a5 34. Nd2
Qe3 35. Qxe3 fxe3 36. Ne4 Rxf1+ 37. Rxf1+ Ke7 38. Rf3 Rd3 39. Nc5 Rd1+ 40. Kh2
b6 41. Na4 Rd3 42. Nxb6 Nd4 43. Nd5+ Kd8 44. Nxd4 exd4 45. Rf7 Be5+ 46. g3 0-1

[Event "X Festival Magistrale"]
[Site "Celle Ligure ITA"]
[Date "1995.04.??"]
[Round "6"]
[White "Esposito, Luca"]
[Black "Leoncini, Mario"]
[Result "1/2-1/2"]
[WhiteElo "2004"]
[BlackElo "2185"]
[PlyCount "71"]
[EventDate "1995.04.01"]

1. c4 e6 2. Nc3 d5 3. d4 Be7 4. Nf3 Nf6 5. Bg5 O-O 6. e3 h6 7. Bh4 b6 8. Bd3
Bb7 9. O-O Nbd7 10. Rc1 c5 11. cxd5 Nxd5 12. Bg3 cxd4 13. Nxd5 Bxd5 14. Bc7 Qe8
15. Nxd4 Bd8 16. Nb5 a6 17. e4 axb5 18. exd5 Nc5 19. Bd6 Be7 20. Bxb5 Qxb5 21.
Bxe7 Rfe8 22. Bxc5 bxc5 23. dxe6 Rxe6 24. Qd5 Rae8 25. b3 Re5 26. Qc4 Qxc4 27.
Rxc4 Re2 28. a4 Rb2 29. Rxc5 Rxb3 30. Ra1 Ra8 31. a5 Ra6 32. g3 Rb2 33. g4 g6
34. Rd1 Ra2 35. Rd7 R2xa5 36. Rcc7 1/2-1/2

[Event "X Festival Magistrale"]
[Site "Celle Ligure ITA"]
[Date "1995.04.??"]
[Round "6"]
[White "Laketic, Gojko"]
[Black "Di Paolo, Raffaele"]
[Result "1-0"]
[WhiteElo "2390"]
[BlackElo "2265"]
[PlyCount "113"]
[EventDate "1995.04.01"]

1. d4 Nf6 2. c4 g6 3. Nc3 Bg7 4. e4 d6 5. Nf3 O-O 6. Be2 e5 7. d5 a5 8. Bg5 h6
9. Bh4 Na6 10. Nd2 Qe8 11. O-O Bd7 12. Rb1 Nh7 13. b3 h5 14. f3 Bh6 15. a3 Be3+
16. Bf2 Bc5 17. Bxc5 dxc5 18. Rf2 Qe7 19. Nf1 Nf6 20. Qd2 Ne8 21. f4 exf4 22.
Qxf4 f6 23. Qg3 Kh7 24. Bd3 Rg8 25. e5 Qxe5 26. Qxe5 fxe5 27. Re1 Nd6 28. Rxe5
Bf5 29. Bxf5 Nxf5 30. Ne4 Kh6 31. Neg3 Nxg3 32. Nxg3 Rae8 33. Rfe2 Rxe5 34.
Rxe5 Rf8 35. Re7 Rf6 36. Ne4 Rf4 37. h4 Rxh4 38. g3 Rg4 39. Kf2 h4 40. Kf3 hxg3
41. Nf6 Rd4 42. Kxg3 Kg5 43. Nh7+ Kf5 44. Rf7+ Ke4 45. Ng5+ Kd3 46. Ne6 Kc2 47.
Nxc7 Nxc7 48. Rxc7 Kxb3 49. Rxc5 a4 50. Kf3 Kxa3 51. Ke3 Rd1 52. Rb5 Ka2 53.
Rxb7 a3 54. Ke4 Rb1 55. Rb5 Rc1 56. c5 Rb1 57. Rb6 1-0

[Event "X Festival Magistrale"]
[Site "Celle Ligure ITA"]
[Date "1995.04.??"]
[Round "6"]
[White "Mordiglia, Riccardo"]
[Black "Rossi, Giampiero"]
[Result "1/2-1/2"]
[WhiteElo "1873"]
[BlackElo "2145"]
[PlyCount "91"]
[EventDate "1995.04.01"]

1. e4 c5 2. b4 cxb4 3. Bb2 d5 4. exd5 Qxd5 5. Nf3 Nc6 6. c4 bxc3 7. Nxc3 Qd8 8.
Bc4 e6 9. d4 Nf6 10. O-O Be7 11. Re1 O-O 12. h3 b6 13. Rc1 Bb7 14. Bd3 Nb4 15.
Bb1 Rc8 16. Ne5 Nbd5 17. Ne4 Rxc1 18. Qxc1 Nxe4 19. Bxe4 Qa8 20. Qc2 f5 21. Bf3
Bb4 22. Rd1 Rc8 23. Qa4 Bf8 24. Qd7 Re8 25. Qf7+ Kh8 26. Bc1 Re7 27. Qh5 Qe8
28. Qh4 g6 29. Ba3 Rg7 30. Bxf8 Qxf8 31. Rc1 Qf6 32. Qh6 g5 33. Qxf6 Nxf6 34.
Bxb7 Rxb7 35. Rc6 Re7 36. h4 gxh4 37. Nf3 Nd5 38. Ng5 Nb4 39. Rd6 Nxa2 40. Nxe6
Kg8 41. Rd8+ Kf7 42. d5 Nb4 43. Rf8+ Kg6 44. Nf4+ Kg5 45. Ne6+ Kg6 46. Nf4+
1/2-1/2

[Event "X Festival Magistrale"]
[Site "Celle Ligure ITA"]
[Date "1995.04.??"]
[Round "6"]
[White "Pappalardo, Paolo"]
[Black "Martorelli, Antonio"]
[Result "0-1"]
[WhiteElo "1911"]
[BlackElo "2255"]
[PlyCount "146"]
[EventDate "1995.04.01"]

1. e4 c5 2. d4 cxd4 3. Nf3 e6 4. Nxd4 a6 5. Nc3 Qc7 6. Bd3 Nc6 7. Nxc6 dxc6 8.
a4 e5 9. O-O Nf6 10. Be3 Ng4 11. Bd2 Bc5 12. a5 Qe7 13. Qf3 Be6 14. Na4 Ba7 15.
h3 Nf6 16. Be3 Bxe3 17. Qxe3 Nd7 18. Nb6 Rd8 19. Nxd7 Rxd7 20. Ra4 O-O 21. Qg3
Qc5 22. Qg5 Rfd8 23. Qd2 Bb3 24. Qb4 Qxb4 25. Rxb4 Be6 26. Rb6 Kf8 27. Ra1 Ke7
28. Ra4 Rc7 29. Kf1 c5 30. Ra3 Rd6 31. Rxd6 Kxd6 32. c4 Kc6 33. Rb3 Rd7 34.
Rb6+ Kc7 35. Ke2 Rd4 36. b3 Rd8 37. h4 h5 38. Ke3 Bd7 39. Be2 Rh8 40. g3 Bc6
41. Bd1 f6 42. f4 g6 43. fxe5 fxe5 44. b4 cxb4 45. Rxb4 Kd6 46. Be2 Kc5 47. Rb1
Rd8 48. Bd3 Rf8 49. Be2 Rf7 50. Rb6 Rd7 51. Bd3 Rg7 52. Be2 g5 53. Bxh5 gxh4
54. g4 Kxc4 55. Rb1 Rd7 56. g5 Rd3+ 57. Ke2 Bxe4 58. Bf7+ Kc5 59. Rg1 h3 60.
Rc1+ Kd6 61. Kf2 Rf3+ 62. Kg1 Rxf7 63. Kh2 Bg2 64. Rc3 Rg7 65. Rg3 Rg6 66. Kg1
Ke6 67. Kh2 Kf5 68. Rc3 Rxg5 69. Rc5 Kf4 70. Rc4+ e4 71. Rb4 Rb5 72. Ra4 Rb1
73. Rxe4+ Bxe4 0-1

[Event "X Festival Magistrale"]
[Site "Celle Ligure ITA"]
[Date "1995.04.??"]
[Round "6"]
[White "Parrella, Alfredo"]
[Black "Cordara, Michele"]
[Result "1/2-1/2"]
[WhiteElo "2205"]
[BlackElo "2185"]
[PlyCount "51"]
[EventDate "1995.04.01"]

1. e4 e6 2. d4 d5 3. Nd2 c5 4. exd5 Qxd5 5. Ngf3 cxd4 6. Bc4 Qd6 7. O-O Nc6 8.
Nb3 Be7 9. Nbxd4 Nxd4 10. Nxd4 Nf6 11. Nb5 Qc6 12. Qe2 a6 13. Nd4 Qe4 14. Be3
Nd5 15. Bd3 Qe5 16. Nf3 Qh5 17. Bd2 Bd6 18. Qe4 Nf6 19. Qd4 Bc5 20. Qe5 Qxe5
21. Nxe5 Bd4 22. Nc4 Nd7 23. Nd6+ Ke7 24. Nxc8+ Raxc8 25. c3 Bf6 26. Be3
1/2-1/2

[Event "X Festival Magistrale"]
[Site "Celle Ligure ITA"]
[Date "1995.04.??"]
[Round "6"]
[White "Romano, Edgar"]
[Black "Vignato, Giovanni"]
[Result "1/2-1/2"]
[WhiteElo "1929"]
[BlackElo "1918"]
[PlyCount "22"]
[EventDate "1995.04.01"]

1. e4 c6 2. Nc3 d5 3. Qf3 e6 4. d4 Nd7 5. Bd3 Bb4 6. Nge2 dxe4 7. Bxe4 Ngf6 8.
Bd3 e5 9. O-O O-O 10. Bg5 exd4 11. Nxd4 Be7 1/2-1/2

[Event "X Festival Magistrale"]
[Site "Celle Ligure ITA"]
[Date "1995.04.??"]
[Round "6"]
[White "Wagman, Stuart"]
[Black "Vigano', Massimo"]
[Result "1/2-1/2"]
[WhiteElo "2215"]
[BlackElo "1935"]
[PlyCount "56"]
[EventDate "1995.04.01"]

1. e4 e6 2. d4 d5 3. Nc3 Bb4 4. e5 Ne7 5. a3 Bxc3+ 6. bxc3 c5 7. Nf3 Nbc6 8. a4
Qa5 9. Qd2 Bd7 10. Be2 Rc8 11. dxc5 Ng6 12. O-O Ncxe5 13. Nxe5 Nxe5 14. Qd4 f6
15. Rb1 Qc7 16. Bh5+ Ng6 17. c6 bxc6 18. Qc5 Kf7 19. Ba3 Rhe8 20. f4 Rb8 21. a5
Kg8 22. c4 Rxb1 23. Rxb1 Rb8 24. Rxb8+ Qxb8 25. Bxg6 hxg6 26. cxd5 cxd5 27. Qb4
Qxb4 28. Bxb4 Kf7 1/2-1/2

[Event "X Festival Magistrale"]
[Site "Celle Ligure ITA"]
[Date "1995.04.??"]
[Round "6"]
[White "Zichichi, Alvise"]
[Black "Ortega, Lexy"]
[Result "0-1"]
[WhiteElo "2315"]
[BlackElo "2435"]
[PlyCount "74"]
[EventDate "1995.04.01"]

1. d4 Nf6 2. Nf3 e6 3. e3 b6 4. Bd3 Bb7 5. O-O c5 6. c4 d6 7. b3 Nbd7 8. Bb2
Be7 9. Nbd2 O-O 10. Qe2 Re8 11. Rad1 Bf8 12. Bb1 Qc7 13. e4 cxd4 14. Bxd4 e5
15. Bb2 a6 16. Rfe1 Bc6 17. Nh4 g6 18. g3 b5 19. Rc1 Qb7 20. f3 Rad8 21. Ng2
bxc4 22. Qxc4 Rc8 23. Qf1 d5 24. exd5 Nxd5 25. Nc4 Bb5 26. Kh1 N5b6 27. Bd3 Nc5
28. Be2 Nxc4 29. Bxc4 Bxc4 30. Qxc4 Qxf3 31. Rf1 Qb7 32. Rce1 Ne6 33. Qe4 Qxe4
34. Rxe4 Bg7 35. Ra4 Nc5 36. Ra5 Nd3 37. Ba3 e4 0-1

[Event "X Festival Magistrale"]
[Site "Celle Ligure ITA"]
[Date "1995.04.??"]
[Round "6"]
[White "Zlochevskij, Alexander"]
[Black "Kosic, Dragan"]
[Result "1/2-1/2"]
[WhiteElo "2485"]
[BlackElo "2500"]
[PlyCount "21"]
[EventDate "1995.04.01"]

1. d4 d5 2. c4 c6 3. Nf3 Nf6 4. e3 e6 5. Nbd2 Nbd7 6. Be2 Bd6 7. O-O O-O 8. b3
Qe7 9. Bb2 b6 10. Qc2 Bb7 11. h3 1/2-1/2

[Event "X Festival Magistrale"]
[Site "Celle Ligure ITA"]
[Date "1995.04.??"]
[Round "7"]
[White "Coppini, Giorgio"]
[Black "Di Paolo, Raffaele"]
[Result "1/2-1/2"]
[WhiteElo "2255"]
[BlackElo "2265"]
[PlyCount "103"]
[EventDate "1995.04.01"]

1. e4 Nc6 2. Nf3 d6 3. d4 Nf6 4. c3 Bg4 5. Bd3 e6 6. O-O Be7 7. Re1 O-O 8. h3
Bh5 9. Nbd2 e5 10. d5 Nb8 11. Nf1 Nbd7 12. Ng3 Bg6 13. Nh2 c6 14. dxc6 bxc6 15.
Bc2 d5 16. exd5 Nxd5 17. Nf5 Bc5 18. Ne3 Bxe3 19. Bxe3 f5 20. Ba4 Qc7 21. Bd2
Nc5 22. c4 Nb6 23. Ba5 Rad8 24. Qc1 Nd3 25. Qc3 Nxe1 26. Rxe1 c5 27. Rxe5 Rd4
28. Nf3 Re4 29. Bc2 Rxe5 30. Nxe5 Re8 31. Nxg6 hxg6 32. Qf3 Qe7 33. Bd3 Nd7 34.
Qg3 Ne5 35. Bf1 g5 36. Bd2 f4 37. Qa3 Rd8 38. Bc3 Rd1 39. Qb3 Rd8 40. Qc2 Nc6
41. Qg6 Rd6 42. Qf5 Rd1 43. Qc8+ Nd8 44. Qg4 Rc1 45. Qf3 Qd7 46. Qe2 Qd1 47.
Qe8+ Kh7 48. Kh2 Qd6 49. Bd3+ Qxd3 50. Qh5+ Kg8 51. Qe8+ Kh7 52. Qh5+ 1/2-1/2

[Event "X Festival Magistrale"]
[Site "Celle Ligure ITA"]
[Date "1995.04.??"]
[Round "7"]
[White "Cordara, Michele"]
[Black "Ortega, Lexy"]
[Result "1-0"]
[WhiteElo "2185"]
[BlackElo "2435"]
[PlyCount "53"]
[EventDate "1995.04.01"]

1. e4 c5 2. c4 Nc6 3. Nc3 g6 4. g3 Bg7 5. Bg2 a6 6. Nge2 b5 7. d3 b4 8. Na4 d6
9. e5 Qc7 10. exd6 exd6 11. Bf4 Nge7 12. d4 cxd4 13. c5 Be5 14. cxd6 Bxd6 15.
Rc1 Bxf4 16. gxf4 Qd6 17. Nxd4 Nxd4 18. Bxa8 Bh3 19. Qd3 Bf5 20. Be4 Qxf4 21.
Qxd4 O-O 22. Rc4 Re8 23. O-O Bh3 24. Bg2 Qg5 25. Qe4 Nf5 26. Qxe8+ Kg7 27. Qc6
1-0

[Event "X Festival Magistrale"]
[Site "Celle Ligure ITA"]
[Date "1995.04.??"]
[Round "7"]
[White "Esposito, Luca"]
[Black "Wagman, Stuart"]
[Result "0-1"]
[WhiteElo "2004"]
[BlackElo "2215"]
[PlyCount "60"]
[EventDate "1995.04.01"]

1. c4 c6 2. Nc3 d5 3. d4 Nf6 4. Nf3 dxc4 5. a4 Bf5 6. e3 e6 7. Bxc4 Bb4 8. O-O
Nbd7 9. Bd3 Bxd3 10. Qxd3 O-O 11. e4 Bxc3 12. bxc3 Nc5 13. Qb1 Ncxe4 14. Qxb7
Nxc3 15. Ba3 Qb8 16. Qxc6 Rc8 17. Qa6 Qb6 18. Qd3 Qd8 19. a5 a6 20. Ne5 Qxd4
21. Qxd4 Ne2+ 22. Kh1 Nxd4 23. Rab1 Nb5 24. Bb4 Nd5 25. Bd2 f6 26. Nd7 Rc2 27.
Rfd1 Rd8 28. Nb6 Nxb6 29. axb6 Rcxd2 30. Rdc1 Rb8 0-1

[Event "X Festival Magistrale"]
[Site "Celle Ligure ITA"]
[Date "1995.04.??"]
[Round "7"]
[White "Farina, Saverio"]
[Black "Parrella, Alfredo"]
[Result "0-1"]
[WhiteElo "2120"]
[BlackElo "2205"]
[PlyCount "50"]
[EventDate "1995.04.01"]

1. d4 d5 2. c4 c6 3. Nc3 Nf6 4. Bg5 dxc4 5. e4 b5 6. e5 Nd5 7. a4 Nxc3 8. bxc3
Qc7 9. Qf3 Bb7 10. e6 fxe6 11. Bf4 Qa5 12. Nh3 Nd7 13. Rc1 O-O-O 14. Ng5 c5 15.
Qe3 cxd4 16. Qxd4 e5 17. Bxe5 e6 18. Nxe6 Re8 19. Be2 Rxe6 20. Bg4 Bc5 21. Qf4
Rf8 22. Bxe6 Rxf4 23. Bxf4 Qb6 24. Bxd7+ Kxd7 25. O-O Qc6 0-1

[Event "X Festival Magistrale"]
[Site "Celle Ligure ITA"]
[Date "1995.04.??"]
[Round "7"]
[White "Kosic, Dragan"]
[Black "Nurkic, Sahbaz"]
[Result "1-0"]
[WhiteElo "2500"]
[BlackElo "2450"]
[PlyCount "73"]
[EventDate "1995.04.01"]

1. d4 Nf6 2. Nf3 e6 3. Bf4 c5 4. e3 Qb6 5. Qc1 Nc6 6. c3 d5 7. Nbd2 Bd7 8. Be2
Be7 9. O-O O-O 10. dxc5 Bxc5 11. b4 Be7 12. Qb1 Rfc8 13. Rc1 Be8 14. a3 a5 15.
b5 Nb8 16. c4 Nbd7 17. Ra2 a4 18. cxd5 Nxd5 19. Nc4 Qd8 20. Bg3 N7b6 21. e4
Nxc4 22. Bxc4 Nb6 23. Rd2 Rxc4 24. Rxd8 Rxd8 25. h3 Rdc8 26. Rxc4 Nxc4 27. b6
Nxa3 28. Qd1 Rc2 29. Bd6 Rb2 30. Bxa3 Bxa3 31. Qd8 Kf8 32. Ne5 f6 33. Nc4 Rb1+
34. Kh2 Be7 35. Qb8 Rd1 36. Qxb7 a3 37. Qa8 1-0

[Event "X Festival Magistrale"]
[Site "Celle Ligure ITA"]
[Date "1995.04.??"]
[Round "7"]
[White "Leoncini, Mario"]
[Black "Caruso, Daniele"]
[Result "1-0"]
[WhiteElo "2185"]
[BlackElo "2080"]
[PlyCount "105"]
[EventDate "1995.04.01"]

1. e4 e6 2. d4 d5 3. Nc3 Nf6 4. Bg5 Be7 5. e5 Nfd7 6. Bxe7 Qxe7 7. f4 a6 8. Nf3
c5 9. Qd2 c4 10. g3 b5 11. Bh3 Nc6 12. O-O Nb6 13. Nd1 Bd7 14. Ne3 f6 15. exf6
gxf6 16. Rae1 O-O-O 17. c3 Qg7 18. f5 Qh6 19. Qg2 exf5 20. Bxf5 Rhe8 21. Bxd7+
Rxd7 22. Nf5 Qf8 23. Rxe8+ Qxe8 24. Re1 Qf8 25. a3 Kc7 26. Qd2 Nc8 27. Qf4+ Kb7
28. N3h4 Nd8 29. Qf3 Nf7 30. Kg2 Ng5 31. Qf4 Nd6 32. Nxd6+ Qxd6 33. Qxd6 Rxd6
34. Re7+ Kc6 35. Nf5 Rd7 36. Re8 Ne4 37. Re6+ Kb7 38. Ne3 Ka7 39. Nxd5 Ng5 40.
Nxf6 Rg7 41. Re5 h6 42. h4 Nh7 43. Nxh7 Rxh7 44. g4 Kb6 45. Kg3 Ka5 46. g5 hxg5
47. hxg5 Ka4 48. Re2 Kb3 49. Rg2 a5 50. Kf4 Rh3 51. g6 Rxc3 52. bxc3 Kxc3 53.
g7 1-0

[Event "X Festival Magistrale"]
[Site "Celle Ligure ITA"]
[Date "1995.04.??"]
[Round "7"]
[White "Martorelli, Antonio"]
[Black "Laketic, Gojko"]
[Result "1/2-1/2"]
[WhiteElo "2255"]
[BlackElo "2390"]
[PlyCount "103"]
[EventDate "1995.04.01"]

1. e4 Nf6 2. Nc3 e5 3. f4 d5 4. fxe5 Nxe4 5. Nf3 Be7 6. Qe2 Nxc3 7. dxc3 c6 8.
Be3 Qa5 9. Qd2 Bg4 10. Bg5 Qd8 11. Bxe7 Qxe7 12. O-O-O Nd7 13. c4 dxc4 14. Bxc4
Bxf3 15. gxf3 Nxe5 16. Rhe1 O-O 17. Qd4 Rae8 18. f4 b5 19. Rxe5 Qh4 20. Bd3
Qxh2 21. Rde1 c5 22. Qxc5 Qxf4+ 23. Qe3 Rxe5 24. Qxf4 Rxe1+ 25. Kd2 Re6 26.
Bxb5 h5 27. Bc4 Rh6 28. Qh4 Kh8 29. Qe7 Kg8 30. Bf1 h4 31. Bh3 f5 32. c4 Rhf6
33. c5 R8f7 34. Qe3 f4 35. Qf3 Rg6 36. c6 Rd6+ 37. Kc2 Rc7 38. Qb3+ Kh7 39.
Bf5+ Kh6 40. Be4 Rdxc6+ 41. Bxc6 Rxc6+ 42. Kd2 g5 43. Qf3 Re6 44. b4 Re3 45.
Qc6+ Kh5 46. a4 h3 47. b5 Kg4 48. a5 Kg3 49. b6 axb6 50. axb6 h2 51. b7 Rb3 52.
Kc2 1/2-1/2

[Event "X Festival Magistrale"]
[Site "Celle Ligure ITA"]
[Date "1995.04.??"]
[Round "7"]
[White "Palmiotto, Fiorentino"]
[Black "Duarte, Riccardo"]
[Result "1/2-1/2"]
[WhiteElo "2195"]
[BlackElo "2030"]
[PlyCount "97"]
[EventDate "1995.04.01"]

1. c4 e6 2. Nc3 d5 3. d4 c6 4. Nf3 Nf6 5. Bg5 Nbd7 6. cxd5 exd5 7. e3 Bb4 8.
Bd3 Qa5 9. Qc2 O-O 10. O-O h6 11. Bh4 Qc7 12. Bg3 Bd6 13. Nb5 cxb5 14. Qxc7
Bxc7 15. Bxc7 a6 16. Rac1 Ne8 17. Ba5 Nef6 18. Rc2 Re8 19. Rfc1 b6 20. Bb4 Bb7
21. Rc7 Rac8 22. R1c2 Rxc7 23. Rxc7 Bc8 24. Ne5 Nxe5 25. dxe5 Ne4 26. f3 Ng5
27. Rc6 Ne6 28. Rxb6 d4 29. Kf2 dxe3+ 30. Kxe3 Nc7 31. Kf2 Nd5 32. Bxb5 axb5
33. Rxb5 Nxb4 34. Rxb4 Rxe5 35. a4 Kf8 36. Rb8 Rc5 37. b4 Rc2+ 38. Kg3 Ke7 39.
a5 Kd7 40. Rb6 Kc7 41. h4 Bd7 42. Ra6 Kb7 43. Rb6+ Kc7 44. Ra6 Rc4 45. Ra7+ Kc8
46. b5 Bxb5 47. Rxf7 Rc7 48. Rxc7+ Kxc7 49. Kf4 1/2-1/2

[Event "X Festival Magistrale"]
[Site "Celle Ligure ITA"]
[Date "1995.04.??"]
[Round "7"]
[White "Pappalardo, Paolo"]
[Black "Collareta, Giovanni"]
[Result "1-0"]
[WhiteElo "1911"]
[BlackElo "2080"]
[PlyCount "119"]
[EventDate "1995.04.01"]

1. e4 c5 2. d4 cxd4 3. Nf3 e6 4. Nxd4 Nf6 5. Nc3 d6 6. Be3 a6 7. g4 Be7 8. g5
Nfd7 9. Qd2 Nc6 10. h4 Nde5 11. Be2 O-O 12. f4 Nxd4 13. Bxd4 Nc6 14. O-O-O Nxd4
15. Qxd4 Qa5 16. Kb1 Re8 17. f5 exf5 18. Nd5 Be6 19. Bc4 fxe4 20. Qxe4 Rac8 21.
Bd3 g6 22. Bc4 Qc5 23. Bb3 b5 24. Qf4 a5 25. h5 a4 26. hxg6 axb3 27. Nxe7+ Kf8
28. Nxc8 bxc2+ 29. Ka1 cxd1=Q+ 30. Rxd1 Rxc8 31. gxh7 Ke7 32. h8=Q Rxh8 33.
Qf6+ Kd7 34. Qxh8 Qxg5 35. Qd4 Qg3 36. Rg1 Qe5 37. Qa7+ Kc6 38. Rc1+ Bc4 39. a4
Qc5 40. Qa8+ Kb6 41. a5+ Kc7 42. Re1 Be6 43. a6 b4 44. Qb7+ Kd8 45. Rxe6 fxe6
46. a7 Qc1+ 47. Ka2 Qc4+ 48. Kb1 Qd3+ 49. Kc1 Qc4+ 50. Kd2 Qd4+ 51. Ke2 Qxb2+
52. Kf3 Qf6+ 53. Kg4 Qf5+ 54. Kh4 Qf6+ 55. Kh5 Qf5+ 56. Kh6 Qf6+ 57. Kh7 Qf5+
58. Kg8 Qg6+ 59. Qg7 Qe8+ 60. Qf8 1-0

[Event "X Festival Magistrale"]
[Site "Celle Ligure ITA"]
[Date "1995.04.??"]
[Round "7"]
[White "Rossi, Giampiero"]
[Black "Sciacca, Massimo"]
[Result "1/2-1/2"]
[WhiteElo "2145"]
[BlackElo "1908"]
[PlyCount "68"]
[EventDate "1995.04.01"]

1. d4 d5 2. c4 e6 3. Nc3 c5 4. cxd5 exd5 5. Nf3 Nc6 6. e3 Nf6 7. Be2 Be7 8. O-O
O-O 9. b3 Ne4 10. Bb2 Bf6 11. Rc1 cxd4 12. Nxe4 dxe4 13. Nxd4 Nxd4 14. Bxd4
Bxd4 15. Qxd4 Qxd4 16. exd4 Rd8 17. Rc7 Be6 18. Rxb7 Rxd4 19. Rd1 Rxd1+ 20.
Bxd1 f5 21. Kf1 Rd8 22. Ke1 Rd7 23. Rxd7 Bxd7 24. Bc2 g5 25. Kd2 Kf7 26. Kc3
Ke6 27. Kd4 Kd6 28. g4 f4 29. Bxe4 h6 30. b4 Bxg4 31. a4 Bd7 32. a5 Be8 33. Bd3
Bd7 34. b5 Be8 1/2-1/2

[Event "X Festival Magistrale"]
[Site "Celle Ligure ITA"]
[Date "1995.04.??"]
[Round "7"]
[White "Vigano', Massimo"]
[Black "Tortarolo, Massimiliano"]
[Result "1/2-1/2"]
[WhiteElo "1935"]
[BlackElo "2240"]
[PlyCount "64"]
[EventDate "1995.04.01"]

1. e4 Nf6 2. e5 Nd5 3. d4 d6 4. Nf3 Bg4 5. Be2 c6 6. O-O Bxf3 7. Bxf3 dxe5 8.
dxe5 e6 9. c4 Ne7 10. Qxd8+ Kxd8 11. Be4 Nd7 12. f4 Nf5 13. g4 Bc5+ 14. Kg2 Ne7
15. Rd1 Kc7 16. Nc3 a5 17. Na4 b6 18. Nxc5 Nxc5 19. Bc2 h5 20. g5 Nf5 21. Kf3
Rhd8 22. Be3 Nxe3 23. Kxe3 g6 24. Rxd8 Rxd8 25. Rd1 Rb8 26. b3 b5 27. cxb5 Rxb5
28. Rd4 Nd7 29. Bd3 Rb8 30. Ra4 Kb6 31. b4 axb4 32. Rxb4+ Kc5 1/2-1/2

[Event "X Festival Magistrale"]
[Site "Celle Ligure ITA"]
[Date "1995.04.??"]
[Round "7"]
[White "Vignato, Giovanni"]
[Black "Mazzotti, Carlo"]
[Result "1-0"]
[WhiteElo "1918"]
[BlackElo "1922"]
[PlyCount "77"]
[EventDate "1995.04.01"]

1. d4 e6 2. c3 d5 3. e3 Nf6 4. f4 Nbd7 5. Bd3 b6 6. Nf3 Bb7 7. Nbd2 c5 8. O-O
Qc7 9. Qe2 Be7 10. Ne5 O-O 11. Qf3 g6 12. g4 Ne8 13. Qh3 f5 14. gxf5 exf5 15.
Ndf3 Nd6 16. Rf2 Nxe5 17. fxe5 Ne4 18. Rg2 Rf7 19. Bd2 Raf8 20. Kh1 Bc8 21. Qh6
Rg7 22. Rag1 Kh8 23. Be1 Rfg8 24. Bh4 Qd8 25. Bxe4 fxe4 26. Ng5 Bf5 27. Rf1 Qd7
28. Rgf2 cxd4 29. cxd4 Rc8 30. e6 Bxe6 31. Bg3 Bxg5 32. Rf8+ Rxf8 33. Rxf8+ Bg8
34. Qxg5 Qa4 35. Be5 Qd1+ 36. Kg2 Qe2+ 37. Rf2 Qd1 38. h3 Qa4 39. Qe7 1-0

[Event "X Festival Magistrale"]
[Site "Celle Ligure ITA"]
[Date "1995.04.??"]
[Round "8"]
[White "Cirabisi, Federico"]
[Black "Vignato, Giovanni"]
[Result "1-0"]
[WhiteElo "2220"]
[BlackElo "1918"]
[PlyCount "45"]
[EventDate "1995.04.01"]

1. d4 d5 2. Nf3 c6 3. e3 Bg4 4. c4 e6 5. Nc3 f5 6. Qb3 Qc7 7. Ne5 Nd7 8. Nxg4
fxg4 9. Be2 Ngf6 10. Bd2 Be7 11. Rc1 a6 12. g3 Rc8 13. cxd5 exd5 14. Qd1 h5 15.
h3 Bd6 16. hxg4 Bxg3 17. g5 Ne4 18. Nxe4 dxe4 19. Bxh5+ Kd8 20. Qg4 g6 21. fxg3
gxh5 22. Qf4 Qxf4 23. gxf4 1-0

[Event "X Festival Magistrale"]
[Site "Celle Ligure ITA"]
[Date "1995.04.??"]
[Round "8"]
[White "Cordara, Michele"]
[Black "Naumkin, Igor"]
[Result "0-1"]
[WhiteElo "2185"]
[BlackElo "2500"]
[PlyCount "58"]
[EventDate "1995.04.01"]

1. c4 e5 2. Nc3 Nf6 3. g3 Bb4 4. Bg2 O-O 5. Nf3 Nc6 6. O-O e4 7. Ng5 Bxc3 8.
bxc3 Re8 9. d3 exd3 10. exd3 h6 11. Ne4 Nxe4 12. Bxe4 d6 13. Rb1 Ne5 14. Bf4
Rb8 15. Re1 Bg4 16. Qd2 Nf3+ 17. Bxf3 Bxf3 18. Rxe8+ Qxe8 19. Qe3 Bc6 20. Re1
Qc8 21. d4 Qf5 22. d5 Re8 23. Qd2 Rxe1+ 24. Qxe1 Ba4 25. Qe7 Bd1 26. Qe3 g5 27.
Qc1 Be2 28. Be3 Bxc4 29. h4 Bxd5 0-1

[Event "X Festival Magistrale"]
[Site "Celle Ligure ITA"]
[Date "1995.04.??"]
[Round "8"]
[White "Duarte, Riccardo"]
[Black "Esposito, Luca"]
[Result "1/2-1/2"]
[WhiteElo "2030"]
[BlackElo "2004"]
[PlyCount "87"]
[EventDate "1995.04.01"]

1. e4 c5 2. f4 Nc6 3. Bb5 g6 4. Nf3 Bg7 5. c3 Nf6 6. d3 a6 7. Bxc6 bxc6 8. Nbd2
d6 9. e5 Nd5 10. Ne4 O-O 11. O-O Bg4 12. exd6 exd6 13. h3 Bc8 14. Qe1 f5 15.
Ng3 Re8 16. Qf2 a5 17. Qc2 a4 18. Bd2 a3 19. b3 Qb6 20. Kh1 Ra7 21. Rae1 Rae7
22. Qc1 Ba6 23. Rxe7 Rxe7 24. Re1 Bxd3 25. Rxe7 Nxe7 26. Qe1 Qc7 27. Qe6+ Kh8
28. Ng5 h6 29. Nf7+ Kh7 30. Nxd6 Nd5 31. Ne8 Qe7 32. Nxg7 Kxg7 33. Qxc6 Nc7 34.
c4 Ne6 35. Qf3 Qd7 36. Bc3+ Kf7 37. Qa8 Nxf4 38. Qxa3 Nxh3 39. Qxc5 f4 40. Qe5
Nf2+ 41. Kg1 fxg3 42. Qf6+ Ke8 43. Qh8+ Kf7 44. Qf6+ 1/2-1/2